Business mathematics (Record no. 921)

MARC details
000 -LEADER
Fixed length control field 00504nam a2200169 4500
003 - CONTROL NUMBER IDENTIFIER
Control field SEACOMMC
005 - DATE AND TIME OF LATEST TRANSACTION
Control field 20241223112803.0
008 - FIXED-LENGTH DATA ELEMENTS--GENERAL INFORMATION
Fixed length control field 241223b |||||||| |||| 00| 0 eng d
020 ## - INTERNATIONAL STANDARD BOOK NUMBER / ISBN
International Standard Book Number 0706907523
Price Rs.260.00
040 ## - CATALOGING SOURCE
Original cataloging agency SEACOMMC
082 ## - DEWEY DECIMAL CLASSIFICATION NUMBER
Classification number 513.93
Book Number Z 24
100 ## - MAIN ENTRY--PERSONAL NAME
Personal name Zameeruddin, Qazi
245 1# - TITLE STATEMENT
Title Business mathematics
Statement of responsibility Qazi Zameeruddin,V.K.Khanna and S.K.Bhambri
260 ## - IMPRINT
Place of publication New Delhi
Name of publisher Vikas Publishing House
Date of publication 1980.
650 ## - SUBJECT ADDED ENTRY--TOPICAL TERM
Topical term Business mathematics--Study and teaching
942 ## - ADDED ENTRY ELEMENTS (KOHA)
Koha item type Books
Holdings
Withdrawn status Lost status Source of classification Damaged status Not for loan Home library Current library Shelving location Date acquired Total Checkouts Call number Accession number Date last seen Price effective from Koha item type Copy number
    Dewey Decimal Classification     SEACOM MANAGEMENT COLLEGE SEACOM MANAGEMENT COLLEGE Reference 11/12/2007   513.93 Z 24 M-1254 23/12/2024 23/12/2024 Books  
    Dewey Decimal Classification     SEACOM MANAGEMENT COLLEGE SEACOM MANAGEMENT COLLEGE   11/12/2007   513.93 Z 24 M-1255 23/12/2024 23/12/2024 Books 1
    Dewey Decimal Classification     SEACOM MANAGEMENT COLLEGE SEACOM MANAGEMENT COLLEGE   11/12/2007   513.93 Z 24 M-1256 23/12/2024 23/12/2024 Books 2
    Dewey Decimal Classification     SEACOM MANAGEMENT COLLEGE SEACOM MANAGEMENT COLLEGE   11/12/2007   513.93 Z 24 M-1257 23/12/2024 23/12/2024 Books 3
    Dewey Decimal Classification     SEACOM MANAGEMENT COLLEGE SEACOM MANAGEMENT COLLEGE   11/12/2007   513.93 Z 24 M-1258 23/12/2024 23/12/2024 Books 4
© Seacom Engineering College, All rights reserved.    Powered by Koha